000 00657nam a2200229Ia 4500
005 20250108124955.0
008 008 250107s9999 xx 000 0 eng d
020 _a978-81-291-1460-0
037 _aTB
040 _aCRL
_beng
_cCRL
041 _aeng
_2eng
084 _aO152,3NNA:g(Y) R2
084 _qCRL
100 _aNeeraj Kumar Au.
_9554415
245 0 _aDial D for don inside stories of CBI missions
_cNeeraj Kumar Au.
260 _aNew York, USA
_bPenguin Books
_c2871
300 _axxviii,264p.
365 _aINR
_b350
650 _aCRIMESSOCIOLOGY
_9730146
942 _cTB
_hO152,3NNA:g(Y) R2
999 _c1235259
_d1235259